LEADER 01205nam a2200289 i 4500 001 000000216148 003 CaOOAMICUS 005 20250929155421.0 008 121005s2005 it u000 u ita u 020 $a88-86495-80-3 040 $aSeMil$bita 100 1 $aWalter, Philippe,$d<1952- >.$0(OLS)http://semarc/name/76566 240 10$aArthur :$bl'ours et le roi.$0(OLS)http://semarc/title/310969 245 10$aArtù :$bl'orso e il re /$cPhilippe Walter ; traduzione dal francese di Milvia Faccia. 264 1$aRoma :$bArkeios,$c2005. 300 $a213 p. :$bill. ;$c24 cm. 490 1 $aLa via dei simboli 600 04$aArtù .$0(OLS)http://semarc/subject/16991 700 1 $aFaccia, Milvia.$0(OLS)http://semarc/name/76567 830 3$aLa via dei simboli .$0(OLS)http://semarc/title/450 850 $aSeMil 852 $aSeMil$W1$xVenegono$y1$m3UA D 48$j262461$B166567$CSeMilBibl$Z2$F177451 $81 961 $aSottoscrizione: Arkeios 996 $6020$a88-86495-80-3$9(OLS)http://semarc/number/213045 996 $6245$aArtù :$bl'orso e il re$9(OLS)http://semarc/title/310968 996 $6264$aRoma :$bArkeios$9(OLS)http://semarc/publisher/29795 LEADER 01358nam a2200265 i 4500 001 000000048315 003 CaOOAMICUS 005 20120418000000.0 008 120418s1974 gw u000 u ger u 013 $a19485 020 $a3-16-136411-2 040 $aSeMil$bita 100 1 $aThielicke, Helmut <1908-1986>.$0(OLS)http://semarc/name/569 245 10$aNotwendigkeit und Begrenzung des politischen Auftrags der Kirche /$cHelmut Thielicke. 260 $aTübingen :$bJ.C.B. Mohr, Paul Siebeck,$c1974. 300 $a46 p. ;$c23 cm. 490 0 $aSammlung gemeinverständlicher Vorträge und Schriften aus dem Gebiet der Theologie und Religionsgeschichte ;$v259./260 650 4$aCristianesimo e politica.$0(OLS)http://semarc/subject/5911 650 4$aChiesa - Politica.$0(OLS)http://semarc/subject/10130 830 0$aSammlung gemeinverständlicher Vorträge und Schriften aus dem Gebiet der Theologie und Religionsgeschichte ;$v259./260.$0(OLS)http://semarc/title/35944 850 $aSeMil 852 $aSeMil$W1$xVenegono$y1$m2D III 163$j14470$B14470$CSeMilBibl$Z2$F14470 $81 996 $6020$a3-16-136411-2$9(OLS)http://semarc/number/21339 996 $6245$aNotwendigkeit und Begrenzung des politischen Auftrags der Kirche$9(OLS)http://semarc/title/73085 996 $6260$aTübingen :$bJ.C.B. Mohr, Paul Siebeck$9(OLS)http://semarc/publisher/31825